Countries by Football Clubs With Funny Names (Part 3) - Statistics

General Stats
  • This quiz has been taken 10 times
  • The average score is 9 of 16
Answer Stats
Hint Answer % Correct
CA Newell's Old Boys Argentina
100%
Shamrock Rovers FC Ireland
100%
BSC Young Boys Switzerland
100%
Odds BK Norway
78%
Sugar Boys FC British Virgin Islands
67%
O'Higgins FC Chile
67%
Kakamega Homeboyz FC Kenya
56%
Liverpool FC Uruguay
56%
Naughty Boys FC Botswana
44%
Green Mamba FC Eswatini
44%
Barrack Young Controllers FC Liberia
44%
Kiwi FC Samoa
44%
Insurance Management Bears FC Bahamas
33%
Mighty Blackpool FC Sierra Leone
33%
Funmakers FC Sint Maarten
22%
SV Walking Boyz Company Suriname
22%
No matching quizzes found
Score Distribution
Percent of People with Each Score
Percentile by Number Answered
Your Score History
You have not taken this quiz